[Event "Timbo op"]
[Site "Timbo"]
[Date "2021.06.12"]
[Round "4"]
[White "Nunes, Lucas Alexandre"]
[Black "Purim, Kaiane"]
[Result "1-0"]
[WhiteElo "1371"]
[BlackElo "1085"]
[PlyCount "75"]
[EventDate "2021.06.11"]
[EventType "swiss"]
[EventRounds "6"]
[EventCountry "BRA"]
[SourceTitle "EXT 2022"]
[Source "ChessBase"]
[SourceDate "2021.10.06"]
[SourceVersion "1"]
[SourceVersionDate "2021.10.06"]
[SourceQuality "1"]

1. d4 d5 2. Bg5 g6 3. Nf3 Bg7 4. e3 Nf6 5. c4 e6 6. Nc3 Qd7 7. Bd3 b6 8. 0-0 c5 9. dxc5 bxc5 10. cxd5 Nxd5 11. Bb5 Nc6 12. Nxd5 exd5 13. Rc1 Qd6 14. Bf4 Qe6 15. Rxc5 Bd7 16. Qxd5 Qxd5 17. Rxd5 Bxb2 18. Rfd1 Be6 19. Bxc6+ Ke7 20. Bxa8 Bxd5 21. Bxd5 Re8 22. Bb3 Ra8 23. Bd6+ Kf6 24. g3 a5 25. Bc5 a4 26. Bd5 Rc8 27. Bd4+ Bxd4 28. Rxd4 a3 29. Rf4+ Kg7 30. Rxf7+ Kh6 31. e4 Kh5 32. Rxh7+ Kg4 33. e5 Rd8 34. h3+ Kf5 35. e6 Rxd5 36. e7 Rd7 37. e8Q Rxh7 38. Qe5# 1-0

[Event "Timbo op"]
[Site "Timbo"]
[Date "2021.06.11"]
[Round "1"]
[White "Nemeth Junior, Henrique"]
[Black "Nunes, Lucas Alexandre"]
[Result "1-0"]
[WhiteElo "2010"]
[BlackElo "1371"]
[PlyCount "45"]
[EventDate "2021.06.11"]
[EventType "swiss"]
[EventRounds "6"]
[EventCountry "BRA"]
[SourceTitle "EXT 2022"]
[Source "ChessBase"]
[SourceDate "2021.10.06"]
[SourceVersion "1"]
[SourceVersionDate "2021.10.06"]
[SourceQuality "1"]

1. e4 e5 2. Nc3 Bc5 3. f4 d6 4. Nf3 Bg4 5. h3 Bxf3 6. Qxf3 Nd7 7. Bc4 Qf6 8. Nd5 Qd8 9. b4 c6 10. bxc5 cxd5 11. Bxd5 dxc5 12. Bb2 Ne7 13. fxe5 Nxd5 14. exd5 0-0 15. 0-0 Qg5 16. Qc3 Rfe8 17. Rae1 Qg6 18. Re3 b6 19. Rg3 Qh6 20. e6 Nf6 21. Rxf6 Qh5 22. Rxg7+ Kxg7 23. Rxf7+ 1-0

[Event "Santa Catarina-ch 64th "]
[Site "Lages"]
[Date "2020.02.16"]
[Round "6"]
[White "Da Costa, Michael David"]
[Black "Nunes, Lucas Alexandre"]
[Result "1/2-1/2"]
[WhiteElo "1588"]
[BlackElo "1370"]
[PlyCount "47"]
[EventDate "2020.02.14"]
[EventType "swiss"]
[EventRounds "6"]
[EventCountry "BRA"]
[SourceTitle "CBM 195 Extra"]
[Source "ChessBase"]
[SourceDate "2020.05.31"]
[SourceVersion "1"]
[SourceVersionDate "2020.05.31"]
[SourceQuality "1"]

1. d4 d5 2. c4 e6 3. Nc3 Nf6 4. Nf3 Be7 5. Bf4 0-0 6. e3 c5 7. dxc5 Bxc5 8. Be2 h6 9. 0-0 dxc4 10. Qxd8 Rxd8 11. Bxc4 Nc6 12. Nb5 a6 13. Nc3 b5 14. Be2 Bb7 15. a3 Nd5 16. Nxd5 Rxd5 17. Rfd1 Ne7 18. Rxd5 Nxd5 19. Be5 f6 20. Rc1 Rc8 21. Bd4 Bxd4 22. Rxc8+ Bxc8 23. Nxd4 e5 24. Nf3 1/2-1/2

[Event "Florianopolis op 6th"]
[Site "Florianopolis"]
[Date "2020.01.25"]
[Round "8"]
[White "Do Carmo, Luciano Dias"]
[Black "Nunes, Lucas Alexandre"]
[Result "1-0"]
[WhiteElo "1559"]
[BlackElo "1388"]
[PlyCount "91"]
[EventDate "2020.01.20"]
[EventType "swiss"]
[EventRounds "10"]
[EventCountry "BRA"]
[SourceTitle "CBM 194 Extra"]
[Source "ChessBase"]
[SourceDate "2020.03.31"]
[SourceVersion "1"]
[SourceVersionDate "2020.03.31"]
[SourceQuality "1"]

1. e4 e5 2. Nf3 Nc6 3. Bc4 Bc5 4. c3 Nf6 5. d4 exd4 6. cxd4 Bb4+ 7. Nc3 Bxc3+ 8. bxc3 d5 9. exd5 Nxd5 10. 0-0 0-0 11. Qc2 Bg4 12. Ng5 g6 13. Bd3 Qd7 14. Ne4 b6 15. Bg5 Bf5 16. Qd2 Bxe4 17. Bxe4 Rae8 18. Bxd5 Qxd5 19. Bh6 Ne5 20. Bxf8 Nf3+ 21. gxf3 Qxf3 22. h3 Qxh3 23. f3 Kxf8 24. Rae1 Rxe1 25. Qxe1 g5 26. Qf2 g4 27. Qg2 Qxg2+ 28. Kxg2 gxf3+ 29. Kxf3 Ke7 30. Rh1 Kd6 31. Rxh7 c5 32. Rxf7 cxd4 33. cxd4 Kd5 34. Ke3 a5 35. Kd3 a4 36. Kc3 Kc6 37. Rf5 b5 38. Kb4 a3 39. Rxb5 Kd6 40. Rc5 Kd7 41. Kc4 Kd6 42. Rd5+ Kc6 43. Rh5 Kb6 44. Rh6+ Ka5 45. Kc5 Ka4 46. Ra6# 1-0

[Event "Florianopolis Winter op 5th"]
[Site "Florianopolis"]
[Date "2019.08.31"]
[Round "5"]
[White "Nunes, Lucas Alexandre"]
[Black "Perondi, Rodolfo Antonio"]
[Result "0-1"]
[WhiteElo "1380"]
[BlackElo "1887"]
[PlyCount "58"]
[EventDate "2019.08.30"]
[EventType "swiss"]
[EventRounds "7"]
[EventCountry "BRA"]
[SourceTitle "EXT 2020"]
[Source "ChessBase"]
[SourceDate "2019.10.17"]
[SourceVersion "1"]
[SourceVersionDate "2019.10.17"]
[SourceQuality "1"]

1. d4 d5 2. Bg5 h6 3. Bh4 c6 4. e3 Qb6 5. b3 Bf5 6. Bd3 e6 7. Bxf5 exf5 8. Qf3 Qa5+ 9. c3 g6 10. Qg3 Nd7 11. f4 Ngf6 12. Bxf6 Nxf6 13. Qf2 0-0-0 14. Qc2 Re8 15. Qd2 Bd6 16. Ne2 Re6 17. 0-0 Rhe8 18. c4 Bb4 19. Qc2 Rxe3 20. Ng3 h5 21. Nxf5 gxf5 22. Qxf5+ R8e6 23. a3 dxc4 24. Qxa5 Bxa5 25. b4 Bb6 26. Nd2 Bxd4 27. Rac1 Re2+ 28. Kh1 Rxd2 29. Rxc4 Ree2 0-1

[Event "Santa Catarina State-ch 63rd"]
[Site "Timbo"]
[Date "2019.06.08"]
[Round "3"]
[White "Nunes, Lucas Alexandre"]
[Black "De Novais, Kaua Joaquim"]
[Result "1-0"]
[WhiteElo "1371"]
[BlackElo "1127"]
[PlyCount "99"]
[EventDate "2019.06.07"]
[EventType "swiss"]
[EventRounds "6"]
[EventCountry "BRA"]
[SourceTitle "EXT 2020"]
[Source "ChessBase"]
[SourceDate "2019.10.17"]
[SourceVersion "1"]
[SourceVersionDate "2019.10.17"]
[SourceQuality "1"]

1. d4 d5 2. Nf3 e6 3. g3 Nc6 4. Bg2 g6 5. 0-0 Bg7 6. c3 Nf6 7. Bg5 0-0 8. Nbd2 Re8 9. Ne5 h6 10. Nxc6 bxc6 11. Bxf6 Qxf6 12. Nf3 Qd8 13. Re1 f6 14. e4 e5 15. Qb3 Be6 16. exd5 Bxd5 17. Qc2 Bxf3 18. Bxf3 Re6 19. Qxg6 Qe8 20. Qxe8+ Raxe8 21. dxe5 f5 22. Kf1 Bxe5 23. Bd1 Kh8 24. Bb3 R6e7 25. Bc2 f4 26. Ba4 fxg3 27. hxg3 Rf8 28. Bxc6 Re6 29. Rad1 Rff6 30. Bd5 Re8 31. f4 h5 32. Rxe5 Rxe5 33. Bf3 Ref5 34. Rd8+ Kg7 35. Rd7+ Kg6 36. Be4 h4 37. gxh4 Kh5 38. Bxf5 Rxf5 39. Rxc7 Rxf4+ 40. Ke2 a5 41. Rc5+ Kxh4 42. Rxa5 Kg3 43. b4 Rf3 44. Re5 Rxc3 45. Re3+ Rxe3+ 46. Kxe3 Kg4 47. b5 Kf5 48. b6 Ke6 49. b7 Kd7 50. b8Q 1-0

[Event "Santa Catarina State-ch 63rd"]
[Site "Timbo"]
[Date "2019.06.07"]
[Round "2"]
[White "Volkmann, Andre Jordi"]
[Black "Nunes, Lucas Alexandre"]
[Result "1-0"]
[WhiteElo "2018"]
[BlackElo "1371"]
[PlyCount "73"]
[EventDate "2019.06.07"]
[EventType "swiss"]
[EventRounds "6"]
[EventCountry "BRA"]
[SourceTitle "EXT 2020"]
[Source "ChessBase"]
[SourceDate "2019.10.17"]
[SourceVersion "1"]
[SourceVersionDate "2019.10.17"]
[SourceQuality "1"]

1. f4 d5 2. Nf3 Nc6 3. g3 Nf6 4. Bg2 g6 5. 0-0 Bg7 6. d4 0-0 7. Nbd2 Bf5 8. c3 Ne4 9. Ne5 Nxe5 10. fxe5 Qd7 11. Nxe4 dxe4 12. Qc2 Qc6 13. Rf4 Bh6 14. Bxe4 Bxe4 15. Rxe4 Bxc1 16. Rxc1 Rae8 17. Rf1 f5 18. exf6 exf6 19. Ref4 f5 20. R1f2 Re7 21. g4 Re4 22. Qxe4 fxe4 23. Rxf8+ Kg7 24. g5 Qe6 25. R2f7+ Qxf7 26. Rxf7+ Kxf7 27. Kf2 Ke6 28. Ke3 Kf5 29. h4 c6 30. c4 c5 31. dxc5 Ke5 32. b4 a6 33. b5 axb5 34. cxb5 Kd5 35. c6 bxc6 36. bxc6 Kxc6 37. Kxe4 1-0

[Event "Sao Bento do Sul op 05"]
[Site "Sao Bento do Sul"]
[Date "2019.05.17"]
[Round "2"]
[White "Marques Junior, Marcos Antonio"]
[Black "Nunes, Lucas Alexandre"]
[Result "0-1"]
[WhiteElo "1795"]
[BlackElo "1335"]
[PlyCount "62"]
[EventDate "2019.05.17"]
[EventType "swiss"]
[EventRounds "7"]
[EventCountry "BRA"]
[SourceTitle "CBM 195 Extra"]
[Source "ChessBase"]
[SourceDate "2020.05.31"]
[SourceVersion "1"]
[SourceVersionDate "2020.05.31"]
[SourceQuality "1"]

1. Nf3 d5 2. d4 Nf6 3. c4 Bf5 4. cxd5 Nxd5 5. g3 e6 6. Bg2 c5 7. 0-0 Nc6 8. Re1 Bg4 9. e4 Nb6 10. d5 Bxf3 11. Bxf3 Ne5 12. dxe6 Qxd1 13. exf7+ Kxf7 14. Bxd1 Nd3 15. Re3 Nxc1 16. Nc3 Nxa2 17. Bb3+ c4 18. Bxa2 Bc5 19. Ree1 Rhd8 20. Na4 Rac8 21. Nxc5 Rxc5 22. b3 a6 23. Rac1 Rd2 24. Bb1 c3 25. Rc2 Nd7 26. b4 Rxc2 27. Bxc2 Rb5 28. Ba4 Rxb4 29. Bxd7 c2 30. Ba4 Rb1 31. Bxc2 Rxe1+ 0-1

[Event "Florianopolis op 5th"]
[Site "Florianopolis"]
[Date "2019.01.26"]
[Round "9"]
[White "Cordeiro, Yan Henrique"]
[Black "Nunes, Lucas Alexandre"]
[Result "1-0"]
[WhiteElo "1631"]
[BlackElo "1199"]
[PlyCount "149"]
[EventDate "2019.01.21"]
[EventType "swiss"]
[EventRounds "10"]
[EventCountry "BRA"]
[SourceTitle "EXT 2020"]
[Source "ChessBase"]
[SourceDate "2019.10.17"]
[SourceVersion "1"]
[SourceVersionDate "2019.10.17"]
[SourceQuality "1"]

1. e4 e5 2. Nf3 Nc6 3. c3 Nf6 4. d4 d6 5. Bg5 Be7 6. Nbd2 Bg4 7. Qb3 b6 8. Bb5 Bd7 9. Qa4 Nb8 10. dxe5 Bxb5 11. Qxb5+ c6 12. Qc4 d5 13. Qa4 Nxe4 14. Nxe4 dxe4 15. Bxe7 Qxe7 16. Qxe4 f6 17. 0-0 0-0 18. Rfe1 fxe5 19. Qxe5 Qxe5 20. Nxe5 c5 21. Rad1 Re8 22. Kf1 Na6 23. Nf3 Rxe1+ 24. Nxe1 Rc8 25. Nf3 Rc7 26. Ne5 Kf8 27. Rd7 Rxd7 28. Nxd7+ Kf7 29. Ne5+ Ke6 30. Nc6 Nc7 31. Nxa7 Kd7 32. a4 c4 33. Ke2 Ne6 34. Nb5 Nc5 35. Na3 Nxa4 36. Nxc4 b5 37. Ne5+ Ke6 38. Nd3 g5 39. Kd2 h5 40. Kc2 Kd5 41. f3 Nb6 42. b3 Nc8 43. Nb4+ Ke5 44. Kd3 Nd6 45. Nc6+ Kd5 46. Nd4 Ke5 47. c4 bxc4+ 48. bxc4 Kf4 49. g3+ Ke5 50. c5 Nc8 51. Kc4 h4 52. Nc6+ Ke6 53. Kd4 h3 54. Ke4 Kf6 55. f4 gxf4 56. gxf4 Ke6 57. f5+ Kf6 58. Kf4 Kg7 59. Ke5 Kh7 60. f6 Kg8 61. Ke6 Kf8 62. Kd7 Kf7 63. Kxc8 Kxf6 64. Kd7 Kf5 65. Nd4+ Ke4 66. c6 Kxd4 67. c7 Ke3 68. c8Q Kf2 69. Qc2+ Kg1 70. Ke6 Kf1 71. Kf5 Kg1 72. Kf4 Kf1 73. Kf3 Kg1 74. Kg3 Kh1 75. Qc1# 1-0

[Event "Blumenau STD op"]
[Site "Blumenau"]
[Date "2018.05.25"]
[Round "1"]
[White "Carstens Dobuchak, Thiago"]
[Black "Nunes, Lucas Alexandre"]
[Result "1-0"]
[WhiteElo "2097"]
[BlackElo "1205"]
[PlyCount "67"]
[EventDate "2018.05.25"]
[EventType "swiss"]
[EventRounds "6"]
[EventCountry "BRA"]
[SourceTitle "CBM 184 Extra"]
[Source "ChessBase"]
[SourceDate "2018.06.28"]
[SourceVersion "1"]
[SourceVersionDate "2018.06.28"]
[SourceQuality "1"]

1. e4 e5 2. Nf3 Nc6 3. d4 exd4 4. Nxd4 Nf6 5. Nc3 Bb4 6. Nxc6 Bxc3+ 7. bxc3 bxc6 8. Bd3 0-0 9. 0-0 d5 10. e5 Ng4 11. f4 Qe7 12. Qf3 Qc5+ 13. Kh1 Qxc3 14. Bxh7+ Kxh7 15. Qxc3 Bd7 16. Ba3 Rh8 17. h3 Nh6 18. Rab1 Rhc8 19. Rb3 Nf5 20. Rfb1 Ne7 21. Bxe7 a5 22. Bc5 Be6 23. Rb7 g6 24. Ra7 Rxa7 25. Bxa7 d4 26. Bxd4 Bxa2 27. Ra1 Bd5 28. Rxa5 Rg8 29. Rxd5 cxd5 30. Qxc7 Rf8 31. Qe7 Kg7 32. e6+ Kg8 33. Qf6 Kh7 34. Qg7# 1-0